Normal view MARC view
  • LINDSAY,KENNETH W. & BONE, IAN , GUN J . VAN, AND FULLER,GERAINT & CALLENDER, ROBIN

Entry Personal Name

Number of records used in: 1

001 - CONTROL NUMBER

  • control field: 8667

003 - CONTROL NUMBER IDENTIFIER

  • control field: JRU

005 - DATE AND TIME OF LATEST TRANSACTION

  • control field: 20250909144734.0

008 - FIXED-LENGTH DATA ELEMENTS

  • fixed length control field: 250909|| aca||aabn | a|a d

040 ## - CATALOGING SOURCE

  • Original cataloging agency: JRU
  • Transcribing agency: JRU

100 ## - HEADING--PERSONAL NAME

  • Personal name: LINDSAY,KENNETH W. & BONE, IAN , GUN J . VAN, AND FULLER,GERAINT & CALLENDER, ROBIN

670 ## - SOURCE DATA FOUND

  • Source citation: Work cat.: (JRU)8797: LINDSAY,KENNETH W. & BONE, IAN , GUN J . VAN, AND FULLER,GERAINT & CALLENDER, ROBIN , NEUROLOGY AND NEURO SURGERY ILLUSTRATED , 2010